[Event "Liape ch-1 zone-B gr-01 email"]
[Site "Liape email"]
[Date "2003.01.02"]
[Round "3"]
[White "Gandia, Alain"]
[Black "Balza, Fernando"]
[Result "0-1"]
[WhiteElo "1600"]
[BlackElo "1980"]
[PlyCount "53"]
[EventDate "2003.??.??"]
[EventType "tourn (corr)"]
[EventRounds "6"]
[EventCountry "ARG"]
[SourceTitle "Corr 2006"]
[Source "ChessBase"]
[SourceDate "2006.04.01"]
[SourceVersion "3"]
[SourceVersionDate "2006.04.01"]
[SourceQuality "1"]

1. e4 e5 2. Nf3 f5 3. Nxe5 Qf6 4. d4 d6 5. Nc4 fxe4 6. Nc3 Qg6 7. Bf4 Nf6 8. Qd2 Be7 9. 0-0-0 0-0 10. Kb1 Nbd7 11. h3 d5 12. Ne5 Qf5 13. g4 Qe6 14. Be2 c6 15. g5 Nxe5 16. gxf6 Nf3 17. Bxf3 Qxf6 18. Be5 Qxf3 19. Rhg1 Rf7 20. Rg3 Qh5 21. Rdg1 g6 22. Nd1 Be6 23. Ne3 Bh4 24. R3g2 b6 25. Rh2 Raf8 26. Rgh1 Rxf2 27. Rxf2 0-1

[Event "SEMI A034 email"]
[Site "SEMI email"]
[Date "2002.06.25"]
[Round "?"]
[White "Gandia, Alain"]
[Black "Kerekes, Jozef"]
[Result "0-1"]
[WhiteElo "1800"]
[BlackElo "2318"]
[PlyCount "34"]
[EventDate "2002.06.25"]
[EventType "swiss (corr)"]
[EventRounds "6"]
[EventCountry "ITA"]
[SourceTitle "Telechess CBM 097"]
[Source "ChessBase"]
[SourceDate "2003.11.11"]
[SourceVersion "1"]
[SourceVersionDate "2003.11.11"]
[SourceQuality "1"]

1. e4 c6 2. d4 d5 3. e5 Bf5 4. Nf3 e6 5. Be2 Nd7 6. 0-0 h6 7. c4 dxc4 8. Bxc4 Ne7 9. Nc3 Nb6 10. Bd3 Bxd3 11. Qxd3 Ned5 12. Bg5 hxg5 13. Ne4 Nf4 14. Qb3 g4 15. g3 gxf3 16. gxf4 Qh4 17. Qxf3 Qxh2# 0-1

[Event "IECC P email"]
[Site "IECC email"]
[Date "2002.06.05"]
[Round "?"]
[White "Gandia, Alain"]
[Black "Marcotulli, Giancarlo"]
[Result "0-1"]
[WhiteElo "1659"]
[BlackElo "2250"]
[PlyCount "38"]
[EventDate "2002.??.??"]
[EventType "tourn (corr)"]
[EventRounds "6"]
[SourceTitle "Corr 2008"]
[Source "ChessBase"]
[SourceDate "2008.06.24"]
[SourceVersion "1"]
[SourceVersionDate "2008.06.24"]
[SourceQuality "1"]

1. e4 e5 2. Nf3 Nc6 3. Bb5 a6 4. Ba4 Bc5 5. 0-0 Nf6 6. c3 0-0 7. d4 Bb6 8. dxe5 Nxe4 9. Bc2 d5 10. Nbd2 Bf5 11. Qe2 Nxc3 12. bxc3 Bxc2 13. Nb3 Be4 14. Kh1 Re8 15. Bf4 f6 16. e6 Rxe6 17. Nfd4 Nxd4 18. Nxd4 Bxd4 19. cxd4 Bxg2+ 0-1

[Event "IECC CL4-2002.17"]
[Site "IECC email"]
[Date "2002.05.27"]
[Round "?"]
[White "Schalkwijk, Peter H"]
[Black "Gandia, Alain"]
[Result "1-0"]
[WhiteElo "1680"]
[BlackElo "1640"]
[PlyCount "29"]
[EventDate "2002.??.??"]
[EventType "tourn (corr)"]
[EventRounds "4"]
[SourceTitle "Corr 2008"]
[Source "ChessBase"]
[SourceDate "2008.06.24"]
[SourceVersion "1"]
[SourceVersionDate "2008.06.24"]
[SourceQuality "1"]

1. e4 e6 2. d4 d5 3. Nc3 Bb4 4. Bd2 Nc6 5. Qg4 Nf6 6. Qxg7 Rg8 7. Qh6 dxe4 8. 0-0-0 Bd7 9. Bg5 Rg6 10. Qh4 h6 11. Bxf6 Qxf6 12. Qxf6 Rxf6 13. Nxe4 Bd2+ 14. Rxd2 Rg6 15. Nf3 1-0

[Event "IECC CL4-2002.13"]
[Site "IECC email"]
[Date "2002.04.11"]
[Round "?"]
[White "Williams, Derek"]
[Black "Gandia, Alain"]
[Result "1-0"]
[WhiteElo "1653"]
[BlackElo "1703"]
[PlyCount "59"]
[EventDate "2002.??.??"]
[EventType "tourn (corr)"]
[EventRounds "4"]
[SourceTitle "Corr 2008"]
[Source "ChessBase"]
[SourceDate "2008.06.24"]
[SourceVersion "1"]
[SourceVersionDate "2008.06.24"]
[SourceQuality "1"]

1. d4 e6 2. e4 d5 3. Nd2 Nf6 4. e5 Nfd7 5. c3 c5 6. Bd3 Nc6 7. Ne2 cxd4 8. cxd4 f6 9. Nf4 Nxd4 10. Qh5+ Ke7 11. Ng6+ hxg6 12. exf6+ Nxf6 13. Qxh8 e5 14. Bxg6 e4 15. 0-0 Be6 16. Nb3 Nxb3 17. axb3 Qb6 18. Bg5 Bf7 19. Bxf7 Kxf7 20. Bxf6 Kxf6 21. Qh4+ g5 22. Qh8+ Kf7 23. Rfc1 Rd8 24. Qh5+ Kf6 25. Rc2 d4 26. Qh7 e3 27. fxe3 dxe3 28. Rf1+ Ke5 29. Rf5+ Kd4 30. Rc4+ 1-0